MARC details
| 000 -CABECERA |
| campo de control de longitud fija |
01108cam a2200265 a 4500 |
| 001 - NÚMERO DE CONTROL |
| campo de control |
000011995 |
| 005 - FECHA Y HORA DE LA ÚLTIMA TRANSACCIÓN |
| campo de control |
20200929162641.0 |
| 008 - DATOS DE LONGITUD FIJA--INFORMACIÓN GENERAL |
| campo de control de longitud fija |
960222s1995 pr a b 000 0 spa |
| 020 ## - NÚMERO INTERNACIONAL ESTÁNDAR DEL LIBRO |
| ISBN cancelado o inválido |
094234751 |
| 040 ## - FUENTE DE LA CATALOGACIÓN |
| Centro catalogador/agencia de origen |
DO-SdBNP |
| Lengua de catalogación |
spa |
| Centro/agencia transcriptor |
DLC |
| Centro/agencia modificador |
BNPHU |
| 082 ## - NÚMERO DE LA CLASIFICACIÓN DECIMAL DEWEY |
| Número de clasificación |
398.245 |
| Número de documento/Ítem |
O77a |
| 049 ## - FONDOS LOCALES (OCLC) |
| Fondos de biblioteca |
BNGR |
| 100 1# - ENTRADA PRINCIPAL--NOMBRE DE PERSONA |
| Nombre de persona |
Ortíz Lugo, Julia Cristina. |
| 9 (RLIN) |
28390 |
| 245 10 - MENCIÓN DE TÍTULO |
| Título |
De arañas, conejos y tortugas : |
| Resto del título |
presencia de Africa en la cuentística de tradición oral en Puerto Rico / |
| Mención de responsabilidad, etc. |
Julia Cristina Ortíz Lugo ; editor, Ricardo E. Alegría. |
| 260 ## - PUBLICACIÓN, DISTRIBUCIÓN, ETC. |
| Lugar de publicación, distribución, etc. |
San Juan, (Puerto Rico) : |
| Nombre del editor, distribuidor, etc. |
Centro de Estudios Avanzados de Puerto Rico y el Caribe, |
| Fecha de publicación, distribución, etc. |
1995. |
| 300 ## - DESCRIPCIÓN FÍSICA |
| Extensión |
113 p. : |
| Otras características físicas |
il. ; |
| Dimensiones |
23 cm. |
| 500 ## - NOTA GENERAL |
| Nota general |
Es la segunda reimpresión de la primera edición del 1995 |
| 504 ## - NOTA DE BIBLIOGRAFÍA, ETC. |
| Nota de bibliografía, etc. |
Incluye índice de contenido |
| 504 ## - NOTA DE BIBLIOGRAFÍA, ETC. |
| Nota de bibliografía, etc. |
Incluye referencias bibliográficas (p. 105-113). |
| 650 #4 - PUNTO DE ACCESO ADICIONAL DE MATERIA--TÉRMINO DE MATERIA |
| Término de materia o nombre geográfico como elemento de entrada |
Folklore |
| Subdivisión geográfica |
Puerto Rico |
| 9 (RLIN) |
5524 |
| 650 #4 - PUNTO DE ACCESO ADICIONAL DE MATERIA--TÉRMINO DE MATERIA |
| Término de materia o nombre geográfico como elemento de entrada |
Negros africanos |
| Subdivisión geográfica |
Puerto Rico |
| Subdivisión general |
Folklore |
| 9 (RLIN) |
28391 |
| 650 #4 - PUNTO DE ACCESO ADICIONAL DE MATERIA--TÉRMINO DE MATERIA |
| Término de materia o nombre geográfico como elemento de entrada |
Tradición oral |
| Subdivisión geográfica |
Puerto Rico |
| 9 (RLIN) |
28392 |
| 700 1# - PUNTO DE ACCESO ADICIONAL--NOMBRE DE PERSONA |
| Nombre de persona |
Alegría, Ricardo E., |
| Término indicativo de función/relación |
ed. |
| -- |
intr. |
| 9 (RLIN) |
16236 |
| 910 ## - DATOS DE OPCIÓN DEL USUARIO (OCLC) |
| Datos de opción del usuario |
Catalogación por copia / LC |